Gobernabilidad: entre la democracia y el mercado
Salvato in:
| Autore principale: | |
|---|---|
| Natura: | testo |
| Pubblicazione: |
s.l:
COSUDE
|
| Soggetti: | |
| Tags: |
Aggiungi Tag
Nessun Tag, puoi essere il primo ad aggiungerne!!
|
MARC
| LEADER | 00000 a a2200000 04500 | ||
|---|---|---|---|
| 001 | 28082 | ||
| 003 | |||
| 040 | |||
| 090 | |a 193000 | ||
| 100 | |a Saldomando, Angel | ||
| 245 | |a Gobernabilidad: entre la democracia y el mercado | ||
| 260 | |a s.l: |b COSUDE | ||
| 300 | |a 218 p |b **no definido** |b fonodiscos | ||
| 650 | |a GOBERNABILIDAD | ||
| 650 | |a DEMOCRATIZACION | ||
| 650 | |a PODER POLITICO | ||
| 650 | |a ECONOMIA DE MERCADO | ||
| 650 | |a INTERVENCION DEL ESTADO | ||
| 650 | |a ORGANISMOS ESPECIALIZADOS | ||
| 650 | |a COOPERACION INTERNACIONAL | ||
| 650 | |a PARTICIPACION SOCIAL | ||
| 650 | |a POBREZA | ||
| 999 | |c 13793 |d 13793 | ||
